| 000 | 01046nam a22002177a 4500 | ||
|---|---|---|---|
| 003 | OSt | ||
| 005 | 20260313023325.0 | ||
| 008 | 260313b |||||||| |||| 00| 0 eng d | ||
| 020 | _a978-1-904910-99-2 | ||
| 040 |
_aDWCL GS lib _cOC |
||
| 082 | _aV531t 2009 | ||
| 100 | _aVERNE, JULES | ||
| 245 |
_aTwenty thousand leagues under the sea _cJULES VERNE |
||
| 260 |
_aNew Delhi _b New Dawn Press Group _c2009 |
||
| 300 |
_a224 p _c14 cm |
||
| 520 | _aProfessor Aronnax, his servant Conseil, and harpooner Ned Land are captured by the mysterious Captain Nemo, who navigates the globe in the advanced submarine Nautilus. They explore the ocean's wonders but are held captive, eventually escaping during a dangerous whirlpool. | ||
| 650 | _aa forced, year-long underwater journey aboard the Nautilus submarine, led by the vengeful yet brilliant Captain Nemo. | ||
| 650 | _aunchecked vengeance and isolation, even when born from legitimate suffering, lead to self-destruction and moral corruption. | ||
| 700 | _aJULES VERNE | ||
| 942 |
_2ddc _cFIC. _n0 |
||
| 999 |
_c9094 _d9094 |
||